000
00335 a2200157 4500
001
73168
020
_a
8226259326
040
_c
Anchieta - Colégio São Paulo
100
_a
Vicentino, Claúdio
240
1
0
_a
História
_l
por
245
1
0
_a
História
300
_a
248
362
0
_a
2006
650
4
_a
História do mundo
942
_c
BK
999
_c
73168
_d
73168